| Tag |
First Indicator |
Second Indicator |
Subfields |
| LEADER |
00000cam a2200000 i 4500 |
| 001 |
in00004553313 |
| 003 |
OCoLC |
| 005 |
20220314165408.1 |
| 008 |
210720t20212021nyu 000 1 eng |
| 010 |
|
|
|a 2021022643
|
| 040 |
|
|
|a DLC
|e rda
|c DLC
|
| 020 |
|
|
|a 9780063095724
|q hardcover
|
| 020 |
|
|
|a 0063095726
|q hardcover
|
| 020 |
|
|
|a 9780063095731
|q paperback
|
| 020 |
|
|
|a 0063095734
|q paperback
|
| 020 |
|
|
|z 9780063095748
|q electronic book
|
| 035 |
|
|
|a (OCoLC)1232226782
|
| 041 |
1 |
|
|a eng
|h jpn
|
| 050 |
0 |
0 |
|a PL873.5.A87
|b H66 2021
|
| 082 |
0 |
0 |
|a 895.63/6
|2 23
|
| 100 |
1 |
|
|a Natsukawa, Sōsuke,
|d 1978-
|e author.
|
| 240 |
1 |
0 |
|a Hon o mamorō to suru neko no hanashi.
|l English
|
| 245 |
1 |
4 |
|a The cat who saved books :
|b a novel /
|c Sosuke Natsukawa ; translated from the Japanese by Louise Heal Kawai.
|
| 250 |
|
|
|a First HarperVia edition.
|
| 264 |
|
1 |
|a New York :
|b HarperVia, an imprint of HarperCollinsPublishers,
|c [2021].
|
| 264 |
|
4 |
|c ©2021.
|
| 300 |
|
|
|a 198 pages ;
|c 22 cm.
|
| 336 |
|
|
|a text
|b txt
|2 rdacontent
|
| 337 |
|
|
|a unmediated
|b n
|2 rdamedia
|
| 338 |
|
|
|a volume
|b nc
|2 rdacarrier
|
| 520 |
|
|
|a Bookish high school student Rintaro Natsuki is about to close the secondhand bookstore he has inherited from his beloved bookworm grandfather. However, one day, a talking cat named Tiger appears and asks Rintaro to save books with him. Of course, "ask" is putting it politely. Tiger is demanding Rintaro's help. The world is full of lonely books, left unread and unloved, and only Tiger and Rintaro can liberate them from their neglectful owners. And so, the odd couple begin an amazing journey, entering different mazes to set books free. Through their travels, Tiger and Rintaro meet a man who leaves his books to rot on his bookshelf, a book torturer who cuts books to clips to help people read as fast as they can, and a publishing drone who only wants to create bestsellers. And then, the last maze that awaits leads Rintaro down a realm only the bravest readers would dare enter. Books, cats, first love, fantasy, THE CAT WHO SAVED BOOKS is a story for those who know books are so much more than words on paper.
|
| 650 |
|
0 |
|a Cats
|v Fiction.
|
| 650 |
|
0 |
|a Antiquarian booksellers
|v Fiction.
|
| 650 |
|
7 |
|a FICTION / Animals.
|2 bisacsh
|
| 650 |
|
7 |
|a FICTION / World Literature / Japan.
|2 bisacsh
|
| 650 |
|
7 |
|a FICTION / Fantasy / Contemporary.
|2 bisacsh
|
| 700 |
1 |
|
|a Kawai, Louise Heal,
|e translator.
|
| 945 |
|
|
|b 190930
|
| 947 |
|
|
|a A14851668120
|
| 948 |
|
|
|a dmitchel 3/14/22 11.50.30
|
| 980 |
|
|
|b print
|c 40030920929
|f LIT/B
|g 565714
|k USD
|m 20.24
|q 1
|s AcqMono Conventional
|t Approval plan
|u Vendor order reference number
|v ZYBP
|y Print approval
|z Physical resource
|
| 999 |
f |
f |
|i 7c5773a7-9fe0-4011-8abd-f0b50e341559
|s a0572f48-68fa-42b2-936b-2dea0b91e8f6
|t 0
|
| 952 |
f |
f |
|p normal
|a Texas A&M University
|b College Station
|c Sterling C. Evans Library
|d Evans: Library Stacks
|t 0
|e PL873.5.A87 H66 2021
|h Library of Congress classification
|i unmediated -- volume
|m A14851668120
|
| 998 |
f |
f |
|a PL873.5.A87 H66 2021
|t 0
|l Evans: Library Stacks
|